000 00344nam a2200133 i 4500
001 bg
100 1 _aJUNIEWICZ, Stanisław
245 0 _aAusgewahlte Probleme des Hasserschutzes von Tagebaugruben /
_cS. Juniewicz.
260 _aWrocław,
_c1983.
040 _cBPK
041 _apol
942 _cKS
008 s pl f |000 0 pol
999 _c21707
_d21707
856 _uhttp://koha.tu.koszalin.pl/cgi-bin/koha/opac-detail.pl?biblionumber=21707
_yKatalog online BPK